International paper-cut fine works (Record no. 126397)
[ view plain ]
| 000 -LEADER | |
|---|---|
| fixed length control field | 00359cam a2200121 4500 |
| 008 - FIXED-LENGTH DATA ELEMENTS--GENERAL INFORMATION | |
| fixed length control field | 161212n 000 0 eng u |
| 020 ## - INTERNATIONAL STANDARD BOOK NUMBER | |
| International Standard Book Number | 9787227039297 |
| 035 ## - SYSTEM CONTROL NUMBER | |
| System control number | (Sirsi) a199356 |
| 050 ## - LIBRARY OF CONGRESS CALL NUMBER | |
| Classification number | N 7342 INT 2008 |
| 245 ## - TITLE STATEMENT | |
| Title | International paper-cut fine works |
| 260 ## - PUBLICATION, DISTRIBUTION, ETC. | |
| Place of publication, distribution, etc. | Internationa paper-cut fine works, |
| Date of publication, distribution, etc. | 2008. |
| 650 ## - SUBJECT ADDED ENTRY--TOPICAL TERM | |
| Topical term or geographic name entry element | Chinese paper-cut fine works |
| Withdrawn status | Lost status | Source of classification or shelving scheme | Damaged status | Not for loan | Home library | Current library | Shelving location | Date acquired | Total Checkouts | Full call number | Barcode | Date last seen | Copy number | Price effective from | Koha item type |
|---|---|---|---|---|---|---|---|---|---|---|---|---|---|---|---|
| Library of Congress Classification | Main Library | Main Library | On Shelf | 12/12/2016 | CHN COL 7342 INT 2008 | 33729004988130 | 08/22/2019 | 1 | 08/22/2019 | Book | |||||
| Library of Congress Classification | Main Library | Main Library | On Shelf | 12/12/2016 | CHN COL 7342 INT 2008 | 33729004988072 | 08/22/2019 | 2 | 08/22/2019 | Book | |||||
| Library of Congress Classification | Main Library | Main Library | On Shelf | 12/12/2016 | CHN COL 7342 INT 2008 | 33729004987488 | 08/22/2019 | 3 | 08/22/2019 | Book | |||||
| Library of Congress Classification | Main Library | Main Library | On Shelf | CHN COL 7342 INT 2008 | 33729005005645 | 08/22/2019 | 4 | 08/22/2019 | Book | ||||||
| Library of Congress Classification | Main Library | Main Library | On Shelf | CHN COL 7342 INT 2008 | 33729005005538 | 08/22/2019 | 5 | 08/22/2019 | Book |